000 00583nam a22001817a 4500
005 20170919124257.0
010 _a1718EN-30
020 _a9788182749436
_c695.00
037 _bPragati
_adpl
245 _aAct east and India's north- east /
_cedited by C. Joshua Thomas [and] Konthoujam Sarda
260 _aNew Delhi
_bPentagon Press
_c2017
270 _a206, Peacock Lane, Shahpur Jat
_bNew Delhi
_e110049
300 v _axxiii,146p.
_c23cm(Hb)
700 _aThomas, C. Joshua
700 _aSarda, Konthoujam
942 _2ddc
_cEN
_mACT
999 _c144948
_d144948